Statistics for Every English player in Rugby World Cup 2023

Click here to take the quiz!

General Stats

  • This quiz has been taken 40 times
  • The average score is 24 of 36

Answer Stats

CapsPositionProvince/clubAnswer% Correct
24Fly-halfHarlequinsMarcus Smith
93%
124Scrum-halfLeicester TigersBen Youngs
90%
85Fly-halfSale SharksGeorge Ford
90%
79HookerSaracensJamie George
90%
107Fly-halfSaracensOwen Farrell
90%
90Scrum-halfHarlequinsDanny Care
87%
82PropHarlequinsJoe Marler
83%
70Back rowSaracensBilly Vunipola
80%
102PropLeicester TigersDan Cole
80%
52PropBristol BearsEllis Genge
80%
26FullbackLeicester TigersFreddie Steward
80%
70LockSaracensMaro Itoje
80%
18Back rowSaracensBen Earl
77%
100LockNorthampton SaintsCourtney Lawes
77%
59CentreSaracensElliot Daly
77%
72WingGloucesterJonny May
77%
53CentreSale SharksManu Tuilagi
77%
63PropBristol BearsKyle Sinckler
73%
8FullbackRacing 92Henry Arundell
70%
19CentreStade FrançaisJoe Marchant
70%
3HookerSaracensTheo Dan
67%
45Back rowSale SharksTom Curry
67%
6Scrum-halfNorthampton SaintsAlex Mitchell
63%
11LockLeicester TigersOllie Chessum
60%
14CentreBathOllie Lawrence
60%
3LockLeicester TigersGeorge Martin
57%
13Back rowToulouseJack Willis
57%
29Back rowBathSam Underhill
57%
29PropBathWill Stuart
47%
56WingUnattachedAnthony Watson
43%
21Back rowNorthampton SaintsLewis Ludlam
43%
14Scrum-halfLeicester TigersJack van Poortvliet
40%
21WingBristol BearsMax Malins
37%
3PropSale SharksBevan Rodd
33%
8LockToulonDavid Ribbans
30%
4HookerHarlequinsJack Walker
30%

Score Distribution

Percentile by Number Answered

Percent of People with Each Score

Your Score History

You have not taken this quiz